• 首页
  • 本馆介绍
  • 公告通知
  • 最新文献
  • 馆藏检索
  • 电子资源
  • 读者导购
  • 参考咨询
  • 我的图书馆
  • 登录
  • 详细信息显示
  • 放入我的书架
  • 预约/预借图书
  • 作者相关作品
  • 分类相关作品
  • 丛书相关作品
  • 出版社相关作品

书目信息

  • 表格格式
  • 工作单格式
  • 卡片格式
题名:
朱自清
    
 
作者: 朱自清 著 ;姚锦清 , 李里 译
分册:  
出版信息: 北京   五洲传播出版社  2013
页数: 194页
开本: 21cm
丛书名: 中国儿童名著精选译丛
单 册:
中图分类: I287.6 , H319.4
科图分类:
主题词: 儿童文学--散文集--中国--现代--英文 , 英语
电子资源:
ISBN: 978-7-5085-2652-2
000 00904oam2 2200301 450
001 5496
005 20180528205638.68
010    @a978-7-5085-2652-2@dCNY89.00
100    @a20151327d2013 em y0chiy0110 ea
101 0  @aeng@gchi
102    @aCN@b110000
105    @aa z 000cy
200 1  @a朱自清@9zhu zi qing@dA Zhu Ziqing reader@f朱自清著@g姚锦清等译@g李里插图@zeng
210    @a北京@c五洲传播出版社@d2013
215    @a194页@c图@d21cm
225 2  @a中国儿童名著精选译丛
304    @a题名及责任者信息取自在版编目数据
461  0 @12001 @a中国儿童名著精选译丛
510 1  @aZhu Ziqing reader@zeng
606 0  @a儿童文学@x散文集@y中国@z现代@j英文
606 0  @a英语
690    @aI287.6@v5
690    @aH319.4@v4
701  0 @a朱自清@9zhu zi qing@4著
702  0 @a姚锦清@9yao jin qing@4译
702  0 @a李里@9li li@4插图
801  0 @aCN@b91MARC@c20151327
905    @aMuseLib@dH319.4@e1958
    
    朱自清=A Zhu Ziqing reader/朱自清著/姚锦清等译/李里插图.-北京:五洲传播出版社,2013
    194页:图;21cm.-(中国儿童名著精选译丛)
    
    
    ISBN 978-7-5085-2652-2:CNY89.00
    
●
相关链接 在E读中查询图书 在五车中查询图书 在当当中查询图书 在豆瓣中查询图书


正题名:朱自清     索取号:H319.4/1958         预约/预借

序号 登录号 条形码 馆藏地/架位号 状态 备注
1 1113514   211135145   第二样本阅览室/ [索取号:H319.4/1958] 在馆    
2 1113515   211135154   教育系资料室/ [索取号:H319.4/1958] 在馆    
3 1113516   211135163   教育系资料室/ [索取号:H319.4/1958] 在馆    
4 1113517   211135172   第四借阅区/ [索取号:H319.4/1958] 在馆    
唐山师范学院图书馆 欢迎您!
大连网信软件有限公司© 版权所有